000 00323nam a2200109Ia 4500
005 20251222144828.0
008 251222s9999||||xx |||||||||||||| ||spa||
082 _a378.101.2/A79/Ej.3
245 0 _aReglamentos de Grados y Títulos de la Universidad Católica Sedes Sapientiae
264 _bAsamblea de Rectores
942 _cLIB
999 _c20742
_d20742